000 00364nam a2200169Ia 4500
003 0100
008 130307s9999 xx 000 0 und d
040 _cARRUPELIB
050 _aJC251.O8
100 _aOsgniach, Augustine John
245 4 _aThe Christian state
260 _aMilwaukee WI
260 _bBruce
260 _c1943
300 _a356p
942 0 0 _08
999 _c83714
_d83714